Volcanoes of Japan - Statistics

General Stats
  • This quiz has been taken 21 times
  • The average score is 19 of 130
Answer Stats
Answer % Correct
Fuji
93%
Aso
71%
Sakura-jima
71%
Unzen
57%
Asama
50%
On-take
50%
Oshima
43%
Iwate
29%
Kirishima
29%
Kuchinoerabu-jima
29%
Kuju
29%
Rishiri
29%
Suwanose-jima
29%
Zao
29%
Abu
21%
Chokai
21%
Hakkoda Group
21%
Hakone
21%
Ioto/Iwo-jima
21%
Kikai
21%
Komaga-take
21%
Kusatsu-Shirane
21%
Mikura-jima
21%
Miyake-jima
21%
Nishino-shima
21%
Shikotsu
21%
Tokachi
21%
Towada
21%
Usu
21%
Yotei
21%
Adatara
14%
Akagi
14%
Akan
14%
Akita-Komaga-take
14%
Aoga-shima
14%
Bandai
14%
Daisetsu
14%
E-san
14%
Fukue-jima
14%
Fukutoku-Okanoba
14%
Hachijo-jima
14%
Haku-san
14%
Ibusuki Volcanic Field
14%
Iriomote-jima
14%
Iwaki
14%
Izu-Tobu
14%
Kozu-shima
14%
Kutcharo
14%
Mashu
14%
Myoko
14%
Nakano-shima
14%
Nantai
14%
Nii-jima
14%
Nikko
14%
Nikko-Shirane
14%
Oshima-Oshima
14%
Sanbe
14%
Shikaribetsu Group
14%
Tsurumi
14%
Yake-dake
14%
Agrigan
7%
Ahyi
7%
Akita-Yake-yama
7%
Alamagan
7%
Anatahan
7%
Asuncion
7%
Azuma
7%
Bayonnaise Rocks
7%
Daikoku
7%
Doyo
7%
East Diamante
7%
Farallon de Pajaros
7%
Forecast
7%
Fukujin
7%
Guguan
7%
Hachimantai
7%
Haruna
7%
Hijiori
7%
Hiuchi
7%
Iwo-Tori-shima
7%
Kaikata
7%
Kaitoku
7%
Kasuga
7%
Kita-Bayonnaise
7%
Kita-Fukutokutai
7%
Kita-Iwo-jima
7%
Kita Yatsuga-take
7%
Kuchino-shima
7%
Kueishantao
7%
Kurikoma
7%
Kurose Hole
7%
Kuttara
7%
Maug Islands
7%
Megata
7%
Minami-Hiyoshi
7%
Minami Kasuga
7%
Mokuyo
7%
Narugo
7%
Nasu
7%
Niigata-Yake-yama
7%
Nipesotsu-Maruyama
7%
Niseko
7%
Norikura
7%
Numazawa
7%
NW Eifuku
7%
NW Rota-1
7%
Oki-Dogo
7%
Omanago Group
7%
Osore-yama
7%
Pagan
7%
Rausu
7%
Ruby
7%
Sarigan
7%
Seamount X
7%
Shiga
7%
Shiretoko-Iwo-zan
7%
Smith Rock
7%
Sofugan
7%
Suiyo
7%
Supply Reef
7%
Takahara
7%
Tate-yama
7%
Tatun Group
7%
Tori-shima
7%
To-shima
7%
Washiba-Kumonotaira
7%
Yokoate-jima
7%
Yonemaru-Sumiyoshiike
7%
Zealandia Bank
7%
Esmerelda Bank
0%
No matching quizzes found
Score Distribution
Percent of People with Each Score
Percentile by Number Answered
Your Score History
You have not taken this quiz